Most 201-00 na diaľnici D4 v úseku Ivanka pri Dunaji – Rača v km 0,580 nad Vajnorským potokom
Na minha lista:
| Autor principal: | |
|---|---|
| Outros Autores: | |
| Formato: | Manuscrito Livro |
| Idioma: | eslovaco |
| Publicado em: |
2016
|
| Assuntos: | |
| Acesso em linha: | http://is.stuba.sk/zp/portal_zp.pl?podrobnosti=132301 https://opac.crzp.sk/?fn=detailBiblioForm&sid=41728D440EB1EF629113158922FE |
| Tags: |
Sem tags, seja o primeiro a adicionar uma tag!
|
MARC
| LEADER | 00000ntm a22000003a 4500 | ||
|---|---|---|---|
| 001 | stuzp57234 | ||
| 003 | SK-STU | ||
| 005 | 20231004145016.5 | ||
| 007 | ta | ||
| 008 | 150427s2015----xo-----f-mn---000-0-slo-d | ||
| 040 | |a STU |b slo | ||
| 041 | 0 | |a slo | |
| 100 | 1 | |a Rusko, Martin |u 010190 |4 aut |U SvF Stavebná fakulta |T SvF Katedra kovových a drevených konštrukcií |X 42273 |U V190 |Y 21 |7 A000042273 | |
| 242 | 0 | 1 | |a Bridge 201-00 on Motorway D4 in section Ivanka pri Dunaji - Rača in km 0,580 above Vajnor river |y eng |
| 245 | 1 | 0 | |a Most 201-00 na diaľnici D4 v úseku Ivanka pri Dunaji – Rača v km 0,580 nad Vajnorským potokom |
| 260 | |c 2016 | ||
| 650 | 4 | |a most |2 slo | |
| 650 | 4 | |a spriahnutý |2 slo | |
| 650 | 4 | |a integrovaný |2 slo | |
| 650 | 4 | |a composite beams |2 eng | |
| 650 | 4 | |a integrated |2 eng | |
| 650 | 4 | |a bridge |2 eng | |
| 700 | 1 | |a Živner, Tomáš |4 ths |X 10326 |7 A000010326 | |
| 856 | 4 | |u http://is.stuba.sk/zp/portal_zp.pl?podrobnosti=132301 | |
| 856 | 4 | |u https://opac.crzp.sk/?fn=detailBiblioForm&sid=41728D440EB1EF629113158922FE | |
| SQL | |a stuzp57234 |b DDP |c SLO |d Most 201-00 na diaľnici D4 v úseku Ivanka pri Dunaji – Rača v km 0,580 nad Vajnorským potokom |e 42273 |f Rusko, Martin |g 010190 |h 10326 |i Živner, Tomáš |j 20160614 |k 945 |l 01 |m http://is.stuba.sk/zp/portal_zp.pl?podrobnosti=132301 |n I-NKS |o 5.1.5. inžinierske konštrukcie a dopravné stavby | ||